5HLuxD.jpg

KING HENRY VIII SENIOR AND PRIMARY SCHOOL LIBRARY OPAC

Hey, Diddle, Diddle & other Nursery Rhymes. (Record no. 1599)

000 -LEADER
fixed length control field 01151aam a2200361 i 4500
001 - CONTROL NUMBER
control field 018779034
003 - CONTROL NUMBER IDENTIFIER
control field Uk
005 - DATE AND TIME OF LATEST TRANSACTION
control field 20230116091327.0
008 - FIXED-LENGTH DATA ELEMENTS--GENERAL INFORMATION
fixed length control field 180126s2010 enka j 000 p eng c
015 ## - NATIONAL BIBLIOGRAPHY NUMBER
National bibliography number GBB851770
Source bnb
016 7# - NATIONAL BIBLIOGRAPHIC AGENCY CONTROL NUMBER
Record control number 018779034
Source Uk
020 ## - INTERNATIONAL STANDARD BOOK NUMBER
International Standard Book Number 9781445406008 (hbk.)
035 ## - SYSTEM CONTROL NUMBER
System control number (WlAbNL)99847238702419
035 ## - SYSTEM CONTROL NUMBER
System control number (StEdALDL)1/3628475
035 ## - SYSTEM CONTROL NUMBER
System control number (UkOxU)021112868
040 ## - CATALOGING SOURCE
Original cataloging agency StEdALDL
Language of cataloging eng
Transcribing agency StEdALDL
Modifying agency WlAbNL
-- KH8
Description conventions rda
042 ## - AUTHENTICATION CODE
Authentication code ukscp
082 ## - DEWEY DECIMAL CLASSIFICATION NUMBER
Classification number 800 ALB
110 ## - MAIN ENTRY--CORPORATE NAME
Corporate name or jurisdiction name as entry element THE ALBION PRESS LTD
Relator term author
245 00 - TITLE STATEMENT
Title Hey, Diddle, Diddle & other Nursery Rhymes.
246 3# - VARYING FORM OF TITLE
Title proper/short title Hey, Diddle, Diddle and other Nursery Rhymes
264 #1 - PRODUCTION, PUBLICATION, DISTRIBUTION, MANUFACTURE, AND COPYRIGHT NOTICE
Place of production, publication, distribution, manufacture Bath :
Name of producer, publisher, distributor, manufacturer Parragon,
Date of production, publication, distribution, manufacture, or copyright notice 2010.
300 ## - PHYSICAL DESCRIPTION
Extent 31 pages :
Other physical details illustrations (colour) ;
Dimensions 25 cm
336 ## - CONTENT TYPE
Content type term text
Content type code txt
Source rdacontent
336 ## - CONTENT TYPE
Content type term still image
Content type code sti
Source rdacontent
337 ## - MEDIA TYPE
Media type term unmediated
Media type code n
Source rdamedia
338 ## - CARRIER TYPE
Carrier type term volume
Carrier type code nc
Source rdacarrier
500 ## - GENERAL NOTE
General note "This book was created by The Albion Press Ltd"--Inside front cover.
650 #0 - SUBJECT ADDED ENTRY--TOPICAL TERM
Topical term or geographic name entry element Children's poetry, English.
650 #0 - SUBJECT ADDED ENTRY--TOPICAL TERM
Topical term or geographic name entry element Nursery rhymes, English.
650 #0 - SUBJECT ADDED ENTRY--TOPICAL TERM
Topical term or geographic name entry element Picture books for children.
942 ## - ADDED ENTRY ELEMENTS (KOHA)
Source of classification or shelving scheme
Koha item type Books - Non Ficton
Holdings
Withdrawn status Lost status Source of classification or shelving scheme Damaged status Not for loan Collection code Permanent Location Current Location Shelving location Date acquired Total Checkouts Full call number Barcode Date due Date last seen Date last checked out Price effective from Koha item type
          Non-Fiction KH8 Primary School Library KH8 Primary School Library Non Fiction 2023-01-16 3 800 ALB KHPL000003362 2023-06-29 2023-06-19 2023-06-19 2023-01-16 Books - Non Ficton

Powered By KH8 IT Dept